Kabale University Library Catalogue

Islam and democracy in the Middle East / (Record no. 6024)

MARC details
000 -LEADER
fixed length control field 00977cam a22002894a 4500
001 - CONTROL NUMBER
control field 13187581
003 - CONTROL NUMBER IDENTIFIER
control field OSt
005 - DATE AND TIME OF LATEST TRANSACTION
control field 20260205121340.0
008 - FIXED-LENGTH DATA ELEMENTS--GENERAL INFORMATION
fixed length control field 030506s2003 mdu b 001 0 eng
020 ## - INTERNATIONAL STANDARD BOOK NUMBER
International Standard Book Number 0801878470
020 ## - INTERNATIONAL STANDARD BOOK NUMBER
International Standard Book Number 0801878489
Qualifying information pbk.
020 ## - INTERNATIONAL STANDARD BOOK NUMBER
International Standard Book Number 9780801878473
020 ## - INTERNATIONAL STANDARD BOOK NUMBER
International Standard Book Number 9780801878480
Qualifying information (pbk.)
040 ## - CATALOGING SOURCE
Original cataloging agency KABLIB
Transcribing agency KABLIB
Language of cataloging eng
082 00 - DEWEY DECIMAL CLASSIFICATION NUMBER
Classification number 320.956
Edition number 23
Item number ISL
245 00 - TITLE STATEMENT
Title Islam and democracy in the Middle East /
Statement of responsibility, etc. edited by Larry Diamond, Marc F. Plattner, and Daniel Brumberg.
260 ## - PUBLICATION, DISTRIBUTION, ETC.
Place of publication, distribution, etc. Baltimore :
Name of publisher, distributor, etc. Johns Hopkins University Press,
Date of publication, distribution, etc. 2003.
300 ## - PHYSICAL DESCRIPTION
Extent xxvi, 322 p. ;
Dimensions 24 cm.
504 ## - BIBLIOGRAPHY, ETC. NOTE
Bibliography, etc. note Includes bibliographical references and index.
650 #0 - SUBJECT ADDED ENTRY--TOPICAL TERM
Topical term or geographic name entry element Islam and politics
Geographic subdivision Middle East.
9 (RLIN) 15223
650 #0 - SUBJECT ADDED ENTRY--TOPICAL TERM
Topical term or geographic name entry element Democracy
Geographic subdivision Middle East.
9 (RLIN) 15224
651 #0 - SUBJECT ADDED ENTRY--GEOGRAPHIC NAME
Geographic name Middle East
General subdivision Politics and government.
9 (RLIN) 15225
700 1# - ADDED ENTRY--PERSONAL NAME
Personal name Diamond, Larry Jay.
9 (RLIN) 15184
700 1# - ADDED ENTRY--PERSONAL NAME
Personal name Plattner, Marc F.,
9 (RLIN) 15226
700 1# - ADDED ENTRY--PERSONAL NAME
Personal name Brumberg, Daniel.
9 (RLIN) 15227
942 ## - ADDED ENTRY ELEMENTS (KOHA)
Source of classification or shelving scheme Dewey Decimal Classification
Koha item type Book
Holdings
Withdrawn status Lost status Source of classification or shelving scheme Damaged status Not for loan Home library Current library Shelving location Date acquired Source of acquisition Total Checkouts Full call number Barcode Date last seen Price effective from Koha item type
    Dewey Decimal Classification     Mukombe Library Mukombe Library Open Access Section 05.02.2026 Donation   320.956 ISL 14541 05.02.2026 05.02.2026 Book

Kabale University Library | Kabale University P.O Box 317, Kabale, Uganda
Tel : +256754017033, +256774661503 E-mail : library@kab.ac.ug